00956nam a22002417a 450000500170000001000150001702000260003203500140005803700090007208200130008124500740009425000060016826000490017427001260022330000200034970000400036970000330040970000320044270000370047494200270051199900190053895201570055720241010160512.0 aENG-142071 a9789385995699c995.00 aEN-125603 bDBAD a615.9003 aPerspectives in Ecotoxicology/cEdited By M.M Abid Ali Khan...[et.al] a1 aNew DelhibLenin Media Private Limitedc2018 bNew Delhie110091a204, IInd Floor, Durga Complex, CSC, Mayur Vihar, Phase-IIk9818148113mleninmediapublishers@gmail.com a104p.c22cm(hb) a Khan, M.M Abid Ali eEditor972606 aAbid, MurtazaeEditor972607 aAnsari, M.I.eEditor972608 aChharang, HarsukheEditor972609 2ddccENh615.9003mKHA c206275d206275 001040708NFICaVPbVPd2024-10-10eDelivery of Books Act Divisiong995.00l0o615.9003 KHApEN-125603r2024-10-10 00:00:00t1v995.00w2024-10-10yEN